[Event "Sydney op"]
[Site "Parramatta"]
[Date "2010.04.08"]
[Round "3"]
[White "Buciu, Aurel John"]
[Black "Monir, Arman"]
[Result "0-1"]
[WhiteElo "1701"]
[BlackElo "2139"]
[PlyCount "48"]
[EventDate "2010.04.07"]
[EventType "swiss"]
[EventRounds "9"]
[EventCountry "AUS"]
[SourceTitle "CBM 135 Extra"]
[Source "ChessBase"]
[SourceDate "2010.05.04"]
[SourceVersion "1"]
[SourceVersionDate "2010.05.04"]
[SourceQuality "1"]

1. d4 Nf6 2. Bf4 d5 3. Nf3 g6 4. e3 Bg7 5. Bd3 0-0 6. c3 c5 7. Nbd2 Nc6 8. h3 Nd7 9. 0-0 f6 10. Bc2 e5 11. dxe5 fxe5 12. Bg3 e4 13. Ne1 Nf6 14. Rc1 Nh5 15. Bh2 Qg5 16. f4 exf3 17. Rxf3 Be6 18. Bb3 Bh6 19. Nf1 c4 20. Bc2 Ne5 21. Bxe5 Qxe5 22. Bb1 Rxf3 23. Qxf3 Rf8 24. Qe2 Rxf1+ 0-1

[Event "United Insurance 10th"]
[Site "Dhaka"]
[Date "2008.07.31"]
[Round "2"]
[White "Ahmed, Mahtabuddin"]
[Black "Monir, Arman"]
[Result "0-1"]
[WhiteElo "2184"]
[BlackElo "2172"]
[PlyCount "74"]
[EventDate "2008.07.30"]
[EventType "swiss"]
[EventRounds "10"]
[EventCountry "BAN"]
[SourceTitle "CBM 125 Extra"]
[Source "ChessBase"]
[SourceDate "2008.09.01"]
[SourceVersion "1"]
[SourceVersionDate "2008.09.01"]
[SourceQuality "1"]

1. Nf3 d5 2. g3 Nc6 3. d3 e5 4. Nbd2 Be6 5. e4 d4 6. Bg2 f6 7. a3 Qd7 8. h3 0-0-0 9. b4 g5 10. Bb2 Nge7 11. h4 Bg4 12. hxg5 fxg5 13. Qb1 Ng6 14. Nxg5 h6 15. Nh3 Kb8 16. f3 Be6 17. Qd1 Rg8 18. Qe2 Be7 19. Nf1 Rdf8 20. Bc1 Rh8 21. Bd2 a6 22. Nf2 h5 23. Nh3 Na7 24. Ng5 Bg8 25. Bh3 Qa4 26. Bf5 Rf6 27. Kf2 Nb5 28. Nh2 Rc6 29. Nh3 Bf7 30. Rhc1 Rg8 31. Bg5 Bxg5 32. Nxg5 h4 33. Nxf7 hxg3+ 34. Kg1 Nf4 35. Qf1 gxh2+ 36. Kxh2 Rf6 37. Bg4 Rxf7 0-1

[Event "Dubai op 08th"]
[Site "Dubai"]
[Date "2006.04.28"]
[Round "6"]
[White "Monir, Arman"]
[Black "Teichmann, Erik Oskar Michael"]
[Result "0-1"]
[WhiteElo "2121"]
[BlackElo "2320"]
[PlyCount "70"]
[EventDate "2006.04.23"]
[EventType "swiss"]
[EventRounds "9"]
[EventCountry "UAE"]
[SourceTitle "EXT 2007"]
[Source "ChessBase"]
[SourceDate "2006.11.23"]
[SourceVersion "1"]
[SourceVersionDate "2006.11.23"]
[SourceQuality "1"]

1. e4 Nc6 2. d4 e5 3. d5 Nce7 4. c4 Ng6 5. Nf3 Bc5 6. Be3 Qe7 7. Nc3 Nf6 8. Bxc5 Qxc5 9. Bd3 0-0 10. g3 c6 11. a3 a5 12. Na4 Qa7 13. d6 b5 14. cxb5 cxb5 15. Nc3 Ba6 16. h4 h5 17. Ng5 Qb6 18. Be2 b4 19. Nd5 Nxd5 20. Qxd5 bxa3 21. b3 Rac8 22. Bxa6 Qxa6 23. Qd1 Rc3 24. Qe2 Qxe2+ 25. Kxe2 Rxb3 26. Rhd1 Rc8 27. Nf3 Rcc3 28. Nd2 Rb2 29. Rdc1 Rxc1 30. Rxc1 a2 31. Ra1 Nf8 32. Ke3 Ne6 33. Nc4 Nd4 34. Kd3 Rxf2 35. Nxa5 Nc2 0-1

[Event "United Insurance 7th"]
[Site "Dhaka"]
[Date "2004.05.15"]
[Round "11"]
[White "Monir, Arman"]
[Black "Haque, Rezaul"]
[Result "1-0"]
[WhiteElo "2163"]
[BlackElo "2181"]
[PlyCount "64"]
[EventDate "2004.05.07"]
[EventType "swiss"]
[EventRounds "11"]
[EventCountry "BAN"]
[SourceTitle "CBM 100 Extra"]
[Source "ChessBase"]
[SourceDate "2004.07.06"]
[SourceVersion "2"]
[SourceVersionDate "2004.07.06"]
[SourceQuality "1"]

1. e4 d6 2. d4 Nf6 3. Bd3 e5 4. d5 Be7 5. Ne2 Nbd7 6. 0-0 c6 7. Nbc3 0-0 8. f4 Ng4 9. Qe1 exf4 10. Nxf4 Bh4 11. g3 Bf6 12. h3 Nge5 13. Be3 Nc5 14. Bxc5 dxc5 15. Kh2 h5 16. Nxh5 Bg5 17. Be2 g6 18. Nf4 Kg7 19. Rd1 Rh8 20. dxc6 Qc7 21. Ncd5 Qxc6 22. Qc3 f6 23. h4 Bg4 24. Bxg4 Nxg4+ 25. Kg2 Bh6 26. Nxg6 Qe6 27. Nxh8 Rxh8 28. Qf3 Rf8 29. Qf5 Qxf5 30. exf5 c4 31. Rfe1 Rf7 32. Rd4 Ne5 1-0

[Event "United Insurance 7th"]
[Site "Dhaka"]
[Date "2004.05.10"]
[Round "4"]
[White "Ali, Mohammad Imran"]
[Black "Monir, Arman"]
[Result "0-1"]
[WhiteElo "2126"]
[BlackElo "2163"]
[PlyCount "102"]
[EventDate "2004.05.07"]
[EventType "swiss"]
[EventRounds "11"]
[EventCountry "BAN"]
[SourceTitle "CBM 100 Extra"]
[Source "ChessBase"]
[SourceDate "2004.07.06"]
[SourceVersion "2"]
[SourceVersionDate "2004.07.06"]
[SourceQuality "1"]

1. e4 c5 2. Nf3 Nc6 3. d4 cxd4 4. Nxd4 Nf6 5. Nc3 e6 6. Ndb5 d6 7. Bf4 e5 8. Bg5 Be7 9. Bxf6 gxf6 10. Nd5 Rb8 11. Nbc7+ Kf8 12. Qh5 h6 13. Bc4 Rh7 14. 0-0-0 b5 15. Nxb5 Na5 16. Be2 Nb7 17. Nbc3 Be6 18. Bg4 Nc5 19. Bxe6 fxe6 20. Nxe7 Kxe7 21. Qg6 Rf7 22. f4 Qb6 23. b3 Qb4 24. Nb1 Qxe4 25. Qxe4 Nxe4 26. Rhe1 f5 27. fxe5 dxe5 28. Rd3 Kf6 29. Nd2 Nxd2 30. Rxd2 e4 31. c4 Rbb7 32. g4 Ke5 33. gxf5 exf5 34. Rd5+ Kf4 35. Rf1+ Kg4 36. Rg1+ Kh4 37. Rd6 Rb6 38. Rxb6 axb6 39. Rg6 f4 40. Kd1 e3 41. Ke1 Rd7 42. Rxb6 Kg4 43. c5 Kf3 44. Rxh6 Rg7 45. Rh3+ Ke4 46. Kf1 f3 47. Rg3 Rxg3 48. hxg3 Kd3 49. g4 Kd2 50. b4 e2+ 51. Kf2 e1Q+ 0-1

[Event "United Insurance 7th"]
[Site "Dhaka"]
[Date "2004.05.10"]
[Round "5"]
[White "Monir, Arman"]
[Black "Sultana, Zakia"]
[Result "1/2-1/2"]
[WhiteElo "2163"]
[BlackElo "2081"]
[PlyCount "61"]
[EventDate "2004.05.07"]
[EventType "swiss"]
[EventRounds "11"]
[EventCountry "BAN"]
[SourceTitle "CBM 100 Extra"]
[Source "ChessBase"]
[SourceDate "2004.07.06"]
[SourceVersion "2"]
[SourceVersionDate "2004.07.06"]
[SourceQuality "1"]

1. e4 e6 2. d4 d5 3. exd5 exd5 4. Nf3 Nf6 5. Bd3 Be7 6. 0-0 0-0 7. Bg5 Bg4 8. Nbd2 Nbd7 9. c3 c6 10. Qc2 h6 11. Bh4 Re8 12. Ne5 Be6 13. f4 Nf8 14. f5 Bd7 15. Rae1 Rc8 16. Qd1 c5 17. Bxf6 Bxf6 18. Qh5 Re7 19. Ndf3 cxd4 20. cxd4 Be8 21. Qg4 Nh7 22. h4 Qb6 23. Kh1 Qxb2 24. Qf4 Qa3 25. Bb1 Bb5 26. Rg1 Rc3 27. Ng4 Rxe1 28. Rxe1 Rc8 29. Nge5 Qb4 30. Qg3 Re8 31. Bc2 1/2-1/2